01661naa a2200277 i 45000010005000000030009000050050017000140080039000310400034000700800014001040800008001181000142001262450135002685000021004035200397004246500015008216500038008366500024008746550030008987000138009287110065010667730187011319420013013189990015013319520037013463364KOSZ 00520180323141256.0150313s2000 pl f |100 0 pol cBPKdKOSZ 005/EGdKOSZ 005/ac a629.33.02 a5171 aCICHOCKI, Krzysztof.d1996 - .bPolitechnika Koszalińska - Wydział Budownictwa i Inżynierii Środowiska,cKatedra Mechaniki Budowli10aAnaliza numeryczna konstrukcji w zagadnieniach związanych z motoryzacją /cKrzysztof Cichocki, Mariusz Ruchwa, Wojciech Biega. aDane z autopsji. aPrzedstawiono ogólne tendencje rozwoju metod numerycznych w zastosowaniu do symulacji realnych zagadnień technicznych w procesie projektowania. Określono metody numerycznej analizy konstrukcji pojazdów, wykorzystujące komputerowe symulacje zachowania się konstrukcji w trakcie jej eksploatacji, a także przy założeniu wystąpienia sytuacji ekstremalnych (zderzenia, awarie). 0aSymulacja. 0aSamochody - budowa i konstrukcje. 0aAnaliza numeryczna. 0aMateriały konferencyjne.1 aRUCHWA, Mariusz.d1996 - .bPolitechnika Koszalińska - Wydział Budownictwa i Inżynierii Środowiska,cKatedra Mechaniki Budowli22aSłupskie Forum Motoryzacjin(3 ;d2000 ;cSłupsk, Polska).0 iW :tTechniczne i ekologiczne aspekty rozwoju motoryzacji : III Słupskie Forum Motoryzacji : Słupsk, 13-14 maja 2000. -dSłupsk : Starostwo Powiatowe w Słupsku, 2000. -gs. 70-82 cROZ2UKD c3364d3364 00104070aBPKbBPKo64370yROZ